LEADER 01079nam0 2200313 450 001 000016952 005 20081006093205.0 100 $a20081006d1974----km-y0itay50------ba 101 0 $aita 102 $aIT 105 $ay-------001yy 200 1 $aRousseau e Marx e altri saggi di critica materialistica$fGalvano Della Volpe 205 $a4. ed. 210 $aRoma$cEditori Riuniti$d1974 215 $a227 p.$d22 cm 225 2 $aNuova biblioteca di cultura$v18 410 0$12001$aNuova biblioteca di cultura 610 1 $aMaterialismo storico 610 1 $aMarx, Karl$aRousseau, Jean Jacques$aMaterialismo 610 1 $aSocialismo e democrazia$aStudi filosofici 610 1 $aRousseau, Jean Jacques$aPensiero politico 676 $a335.4$v16$9Socialismo marxista, comunismo 676 $a146.3$v19$9Materialismo 700 1$aDella Volpe,$bGalvano$032729 801 0$aIT$bUNIPARTHENOPE$c20081006$gRICA$2UNIMARC 912 $a000016952 951 $a031/65$b4881$cNAVA2 996 $aRousseau e Marx e altri saggi di critica materialistica$9234421 997 $aUNIPARTHENOPE